Fant4stic Quiz (SPOILERS) - Statistics

General Stats
  • This quiz has been taken 25 times
  • The average score is 5 of 7
Answer Stats
Actor Role % Correct
Michael B. Jordan Johnny Storm/Human Torch
100%
Miles Teller Reed Richards/Mister Fantastic
100%
Kate Mara Sue Storm/Invisible Woman
100%
Jamie Bell Ben Grimm/The Thing
95%
Toby Kebbell Victor von Doom/Doctor Doom
81%
Reg E. Cathey Dr. Franklin Storm
29%
Tim Blake Nelson Dr. Allen
14%
No matching quizzes found
Score Distribution
Percent of People with Each Score
Percentile by Number Answered
Your Score History
You have not taken this quiz